000
00336nam a2200121 a 4500
005
20140412111224.0
008
020604s19uu xx 00 eng d
050
_a
TR(GS 507
_b
Ho65 1989
245
_a
Holt Science :
_b
teacher's resource (binder k).
260
_b
Holt Rinehart.
650
_a
Science
_x
Study and teaching
999
_c
101998
_d
101998